| 000 | 00937nas a2200313 4500 | ||
|---|---|---|---|
| 001 | BR0201874 | ||
| 003 | BR-BrBNA | ||
| 005 | 20231205102854.0 | ||
| 007 | ta | ||
| 008 | 230509b bl.|||p| |||| 00| 00por d | ||
| 040 |
_aBR-BrBNA _bpor _cBiblioteca Nacional de Agricultura |
||
| 041 | _a(Pt) | ||
| 072 | _aH60 | ||
| 100 | 1 | _aDantas, B.F. | |
| 100 | 1 | _aAlves, E. | |
| 100 | 1 | _aAragão, C.A. | |
| 100 | 1 | _aRodrigues, J.D. | |
| 100 | 1 | _aNakagawa, J. | |
| 100 | 1 | _aCavariani, C. | |
| 245 | 1 | _aSuperação da dormência de sementes de capim-marmelada (Brachiaria plantaginea (Link.)Hitchc.)com cianeto de potássio | |
| 650 | _aPAPUÃ | ||
| 650 | _aSEMENTE | ||
| 650 | _aDORMÊNCIA DA SEMENTE | ||
| 650 | _aPOTÁSSIO | ||
| 650 | _aCIANETO | ||
| 773 | 0 |
_tRevista Brasileira de Sementes (Brazil) _xISSN 0101-3122 _g(2000), v. 22(2) p. 239-244 _wBR0201874 |
|
| 909 |
_a202311 _bLúcia _c55 _dLúcia Elande |
||
| 942 |
_2AGRIS _n0 _cANA |
||
| 999 |
_c169814 _d169814 |
||